000 02124cam a22003017i 4500
008 190720t20202020moua b 001 0 eng c
020 _a9780323554220
020 _a0323554229
050 0 0 _aRC954
_b.E23 2020
245 0 0 _aEbersole & Hess' toward healthy aging :
_bhuman needs & nursing response /
_cTheris A. Touhy, DNP, CNS, DPNAP, Emeritus Professor, Christine E. Lynn College of Nursing, Florida Atlantic University, Boca Raton, Florida, Kathleen Jett, PhD, GNP-BC, Gerontological Nurse Practitioner, Clinic Coordinator UF Health Senior Care Clinic at Oak Hammock, Department of Aging and Geriatric Research, University of Florida, College of Medicine, Gainesville, Florida.
250 _aTenth edition.
260 _aU.S
_bElsevier
_c2020
300 _axiii, 521 pages :
_billustrations (some color) ;
520 _a"Ebersole & Hess' Toward Healthy Aging, 10th Edition" is the only comprehensive gerontological nursing text that effectively communicates how to provide holistic care, promote healthy lives, and address end-of-life issues and concerns. It covers the areas of safety and ethical considerations, genetics, communication with the patient and caregiver, promoting health in persons with conditions commonly occurring in later-life world-wide addressing loss and palliative care and much more. Special sections provide an honest look at the universal experience of aging and the nurse's role in the reduction of health disparities and inequities as a member of the global community. Plus, it contains a variety of new learning features that focus on applying research and thinking critically in when providing care to aging adults across the care continuum. -- From product description.
650 0 _aGeriatric nursing.
650 0 _aAging.
650 0 _aOlder people
_xHealth and hygiene.
650 1 2 _aGeriatric Nursing.
650 2 2 _aAging.
650 2 2 _aHealth Promotion.
650 2 2 _aAged.
650 7 _aAging.
650 7 _aGeriatric nursing.
650 7 _aOlder people
_xHealth and hygiene.
700 1 _aTouhy, Theris A.,
700 1 _aJett, Kathleen Freudenberger,
942 _cBK
999 _c2760
_d2760